Spievajúca fontána dohrala a zhasla, mesto vypne aj ostatné

Bibliographic Details
Main Author: Bejda, Róbert (Author)
Format: Article
Language:Slovak
PhysicalDescription:Fotografia
ISSN:2585-7355
Subjects:
Online Access:https://kosice.korzar.sme.sk/c/23400596/spievajuca-fontana-dohrala-a-zhasla-postupne-mesto-vypne-aj-ostatne.html

MARC

LEADER 00000nab a2200000u 4500
001 vtls012266655
003 SK-MaSNL
005 20260304011946.0
008 241107|20241024xo ||||||| || ||slo|
038 |a KEVKJB 
040 |a KEVKJB  |b slo  |e rda 
041 0 |a slo 
043 |a e-xo--- 
044 |a xo  |c SK 
072 7 |a 72  |x Architektúra  |2 konspekt 
080 |a 725.948  |2 2011 
100 1 |a Bejda, Róbert  |4 aut  |9 760251 
245 1 0 |a Spievajúca fontána dohrala a zhasla, mesto vypne aj ostatné  |c Róbert Bejda 
300 |b Fotografia 
336 |a text  |b txt  |2 rdacontent 
337 |a bez média  |b n  |2 rdamedia 
338 |a zväzok  |b nc  |2 rdacarrier 
610 2 7 |a Správa mestskej zelene (Košice, Slovensko)  |2 kevkjb  |9 877583 
650 0 7 |a fontány  |2 SNKPH  |9 3014 
650 0 7 |a Spievajúca fontána (Košice, Slovensko)  |2 SNKPH  |9 220890 
651 7 |a Košice (Slovensko)  |2 SNKPHgeo  |9 18694 
773 0 |t Korzár - SME  |g Roč. XXVII., č. 207 (24.10.2024), s. 7  |x 2585-7355 
852 |a KEVKJB  |b KIS3GCP 
856 4 1 |u https://kosice.korzar.sme.sk/c/23400596/spievajuca-fontana-dohrala-a-zhasla-postupne-mesto-vypne-aj-ostatne.html 
999 |c 2568921  |d 2570851